L' autogestion en Yougoslavie

Wedi'i Gadw mewn:
Manylion Llyfryddiaeth
Prif Awdur: Kavcic, Stane (Awdur)
Fformat: Llyfr
Iaith:Ffrangeg
Cyhoeddwyd: Belgrado Izdavacki 1961
Pynciau:
Tagiau: Ychwanegu Tag
Dim Tagiau, Byddwch y cyntaf i dagio'r cofnod hwn!

MARC

LEADER 00000nam a2200000 a 4500
001 UCO2192
003 CL-VaPUC
008 000602e19610000yu |||||||||||||||||fre|d
082 0 4 |a 949.702  |b KAV  |2 21 
100 0 |a Kavcic, Stane  |e author  |9 445133 
245 1 3 |a L' autogestion en Yougoslavie 
300 |a 52 p 
942 |c BK 
945 |d 20000602 00:00:00  |a rherrera 
260 |a Belgrado  |b Izdavacki  |c 1961 
650 0 |a Historia  |z Yugoslavia  |y Siglo 20  |9 445110 
651 0 |a Yugoslavia  |9 313912 
583 |a last modification  |c 20160912 04:21:15  |k Rodrigo Vera 
999 |c 288731  |d 288729 
952 |0 0  |1 0  |4 0  |6 949_702000000000000_KAV_1961  |7 0  |8 A  |9 336632  |a BIBHIS  |b BIBHIS  |d 2019-11-20  |i 1283324  |o 949.702 KAV 1961  |p 1283324  |r 2025-01-20  |w 2019-11-20  |y BK  |k HIS